Quality management / (Record no. 343330)

000 -LEADER
fixed length control field 01009 a2200229 4500
020 ## - INTERNATIONAL STANDARD BOOK NUMBER
International Standard Book Number 0256106657
020 ## - INTERNATIONAL STANDARD BOOK NUMBER
International Standard Book Number 9780256106657
082 04 - DEWEY DECIMAL CLASSIFICATION NUMBER
Classification number 658.562015195
090 ## - LOCALLY ASSIGNED LC-TYPE CALL NUMBER (OCLC); LOCAL CALL NUMBER (RLIN)
-- 782
-- 782
100 1# - MAIN ENTRY--PERSONAL NAME
Personal name Gitlow, Howard S.
245 10 - TITLE STATEMENT
Title Quality management /
Statement of responsibility, etc. Howard S. Gitlow.
250 ## - EDITION STATEMENT
Edition statement 2nd ed.
260 ## - PUBLICATION, DISTRIBUTION, ETC.
Place of publication, distribution, etc. [S.l.] :
Name of publisher, distributor, etc. McGraw-Hill/Irwin,
Date of publication, distribution, etc. 1994.
300 ## - PHYSICAL DESCRIPTION
Extent 503 p. ;
Dimensions 25 cm.
500 ## - GENERAL NOTE
General note Hardcover.
520 ## - SUMMARY, ETC.
Summary, etc. Quality Management presents a unique and workable approach to the tools and methods necessary for real quality improvement. W. Edwards Deming's philosophies on quality are woven into this text. This text is one of a few quality control texts which adopt Shewhart's and Deming's view of control charts.
700 1# - ADDED ENTRY--PERSONAL NAME
Personal name Oppenheim, Alan.
700 1# - ADDED ENTRY--PERSONAL NAME
Personal name Oppenheim, Rosa.
856 40 - ELECTRONIC LOCATION AND ACCESS
Materials specified Amazon.com
Uniform Resource Identifier <a href="http://www.amazon.com/exec/obidos/ASIN/0256106657/chopaconline-20">http://www.amazon.com/exec/obidos/ASIN/0256106657/chopaconline-20</a>
856 40 - ELECTRONIC LOCATION AND ACCESS
Materials specified Amazon customer reviews
Uniform Resource Identifier <a href="http://www.chopac.org/cgi-bin/tools/azrev.pl?q=0256106657">http://www.chopac.org/cgi-bin/tools/azrev.pl?q=0256106657</a>
942 ## - ADDED ENTRY ELEMENTS (KOHA)
Institution code [OBSOLETE] NBS
Koha item type Book
Call number prefix 658.562 GIT
Holdings
Withdrawn status Lost status Damaged status Not for loan Permanent Location Current Location Date acquired Total Checkouts Full call number Barcode Date last seen Date last checked out Price effective from Koha item type
        Central Library (CL) Central Library (CL) 08/28/2013 1 658.562 GIT NBS370 10/19/2016 10/19/2016 08/28/2013 Book
© 2023 Central Library, National University of Sciences and Technology. All Rights Reserved.